000 00279nam a22001217a 4500
008 180814b xxu||||| |||| 00| 0 eng d
041 _aeng
080 _a616.053.2
100 _a8
101 _aPED
245 _aPEDIATRIC ADVANCED LIFE SUPPORT
_cCHAMEIDES.L
942 _2udc
_cBK
999 _c47167
_d47167